Online
Catalog

Lagrimas del silencio / (Record no. 30267)

MARC details
000 -CABECERA
campo de control de longitud fija 00420nam a2200145 a 4500
001 - NÚMERO DE CONTROL
campo de control 000030775
005 - FECHA Y HORA DE LA ÚLTIMA TRANSACCIÓN
campo de control 20200930062513.0
008 - DATOS DE LONGITUD FIJA--INFORMACIÓN GENERAL
campo de control de longitud fija 110530s1920 dr 000 p spa d
040 ## - FUENTE DE LA CATALOGACIÓN
Centro catalogador/agencia de origen DO-SdBNP
Lengua de catalogación spa
Centro/agencia transcriptor BNPHU
082 ## - NÚMERO DE LA CLASIFICACIÓN DECIMAL DEWEY
Número de clasificación xxxx
Número de documento/Ítem S197l
100 1# - ENTRADA PRINCIPAL--NOMBRE DE PERSONA
Nombre de persona Sanabia, Rafael Emilio
9 (RLIN) 26438
245 10 - MENCIÓN DE TÍTULO
Título Lagrimas del silencio /
Mención de responsabilidad, etc. Rafael Emilio Sanabia.
260 ## - PUBLICACIÓN, DISTRIBUCIÓN, ETC.
Lugar de publicación, distribución, etc. Santo Domingo :
Nombre del editor, distribuidor, etc. La Conquista,
Fecha de publicación, distribución, etc. 1920.
300 ## - DESCRIPCIÓN FÍSICA
Extensión 42 p. ;
Dimensiones 20 cm.
Holdings
Estado de retiro Estado de pérdida Restricciones de uso No para préstamo Código de colección Localización permanente Ubicación/localización actual Ubicación en estantería Fecha de adquisición Número de inventario Total de préstamos Signatura topográfica completa Código de barras Fecha visto por última vez Precio válido a partir de Tipo de ítem Koha Nota pública Número de copia
      Excluido de préstamo Raros y valiosos Patrimonio Dominicano Patrimonio Dominicano En catalogación 30.05.2011 LF1   xxxx S197l 30775-10 25.06.2020 25.06.2020 No se presta Perteneció a la biblioteca personal de Carlos Larrabazal Blanco.  
      Excluido de préstamo Raros y valiosos Patrimonio Dominicano Patrimonio Dominicano En catalogación 12.07.2011 LF1   xxxx S197l 30775-20 25.06.2020 25.06.2020 No se presta Perteneció a la biblioteca personal de Martínez Boog. e. 2

Powered by Koha